| 000 | 00940cam a2200241 4500 | ||
|---|---|---|---|
| 001 | WB3727-34 | ||
| 008 | 010712n2001 000 0 eng u | ||
| 035 | _a(Sirsi) u113651 | ||
| 245 | _aRural economy fighting climate change | ||
| 260 | _c2001 | ||
| 490 |
_aCLA Press Release _v(01075HQ) 12 July 2001, (2) |
||
| 520 | _aThe Country Land and Business Association (CLA) is to publish a report showing how agriculture and the rural economy can contribute to combating global warming. The CLA calls on government and the EU to draw up a policy to encourage farmers to reduce emissions of harmful gases. See: http://www.cla.org.uk/climatechange | ||
| 590 | _aWB | ||
| 650 | _aCLIMATE CHANGE | ||
| 650 | _aGLOBAL WARMING | ||
| 650 | _aCOUNTRY LAND AND BUSINESS ASSOCIATION | ||
| 650 | _aEMISSIONS | ||
| 650 | _aFARMING | ||
| 650 | _aRURAL ECONOMY | ||
| 650 | _aENVIRONMENTAL PROTECTION | ||
| 690 |
_aRural _96268 |
||
| 942 | _n0 | ||
| 999 |
_c67724 _d67724 |
||